Cenné papiere verzus dane

Výnosy z kapitálového majetku a daňové povinnosti. Nákup, predaj, darovanie a dedenie cenných papierov. Výnosy z akcií. Zdaňovanie dlhopisov FNM SR.

Gespeichert in:
Bibliographische Detailangaben
1. Verfasser: Medžová, Andrea
Format: Buch
Sprache:Slowakisch
Schlagworte:
Tags: Tag hinzufügen
Keine Tags, Fügen Sie das erste Tag hinzu!

MARC

LEADER 00000nam a2200000 4500
001 r031076
005 20251104124706.3
041 0 |a slo 
044 |a SK 
245 1 0 |a Cenné papiere verzus dane  |c Andrea Medžová 
520 |a Výnosy z kapitálového majetku a daňové povinnosti. Nákup, predaj, darovanie a dedenie cenných papierov. Výnosy z akcií. Zdaňovanie dlhopisov FNM SR. 
610 2 0 |a burzovníctvo 
610 2 0 |a papiere cenné 
610 2 0 |a predaj 
610 2 0 |a nákup 
610 2 0 |a akcie 
610 2 0 |a dlhopisy 
610 2 0 |a zdaňovanie 
100 1 |a Medžová, Andrea